• 首页
  • 本馆介绍
  • 公告通知
  • 最新文献
  • 馆藏检索
  • 电子资源
  • 读者导购
  • 参考咨询
  • 我的图书馆
  • 登录
  • 详细信息显示
  • 放入我的书架
  • 预约/预借图书
  • 作者相关作品
  • 分类相关作品
  • 丛书相关作品
  • 出版社相关作品

书目信息

  • 表格格式
  • 工作单格式
  • 卡片格式
题名:
电机与拖动
    
 
作者: 孙建忠 , 刘凤春 主编
分册:  
出版信息: 北京   机械工业出版社  2013
页数: 333页
开本: 26cm
丛书名:
单 册:
中图分类: TM3 , TM921
科图分类:
主题词: 电机--教材--高等教育 , 电力传动--教材--高等教育 , 电机 , 电力传动
电子资源:
ISBN: 978-7-111-41448-3
000 01084nam0 2200313 450
001 456
005 20160905103106.09
005 20140428091917
010    @a978-7-111-41448-3@dCNY39.80
100    @a20130530d2013 em y0chiy50 ea
101 0  @achi
102    @aCN@b110000
105    @aa z 000yy
200 1  @a电机与拖动@9dian ji yu tuo dong@f孙建忠,刘凤春主编
205    @a2版
210    @a北京@c机械工业出版社@d2013
215    @a333页@c图@d26cm
300    @a普通高等教育“十二五”电气信息类规划教材
330    @a本书主要阐述电机的基本理论和基本分析方法,各类电动机电力拖动的基本原理和方法。包括电机学基础知识、直流电机、变压器、异步电机和同步电机的基本理论、控制电机的原理与应用、电力拖动基础、直流电动机的电力拖动等。
606 0  @a电机@j教材@x高等教育
606 0  @a电力传动@j教材@x高等教育
606 0  @a电机
606 0  @a电力传动
690    @aTM3@v5
690    @aTM921@v5
701  0 @a孙建忠@9sun jian zhong@f(1965~)@4主编
701  0 @a刘凤春@9liu feng chun@c(女,@f1962.4~)@4主编
801  0 @aCN@b唐山师范学院图书馆@c20160722
905    @aZUCC@dTM3@e40=2
    
    电机与拖动/孙建忠,刘凤春主编.-2版.-北京:机械工业出版社,2013
    333页:图;26cm
    普通高等教育“十二五”电气信息类规划教材
    
    ISBN 978-7-111-41448-3:CNY39.80
    本书主要阐述电机的基本理论和基本分析方法,各类电动机电力拖动的基本原理和方法。包括电机学基础知识、直流电机、变压器、异步电机和同步电机的基本理论、控制电机的原理与应用、电力拖动基础、直流电动机的电力拖动等。
●
相关链接 在E读中查询图书 在五车中查询图书 在当当中查询图书 在豆瓣中查询图书


正题名:电机与拖动     索取号:TM3/40=2         预约/预借

序号 登录号 条形码 馆藏地/架位号 状态 备注
1 901936   209019364   第二样本阅览室/ [索取号:TM3/40=2] 在馆    
2 901937   209019373   密集书库-物理学院/ [索取号:TM3/40=2] 在馆    
3 901938   209019382   第三借阅区/ [索取号:TM3/40=2] 在馆    
4 901939   209019391   第三借阅区/ [索取号:TM3/40=2] 在馆    
5 901940   209019408   第三借阅区/ [索取号:TM3/40=2] 在馆    
唐山师范学院图书馆 欢迎您!
大连网信软件有限公司© 版权所有